000 01753nam a22002297a 4500
999 _c57623
_d57623
003 Ge_BSU
005 20200819122837.0
008 200819s2011 ge ||||| |||| 00| 0 geo d
020 _a9789941104534
041 _ageo
080 _a34(09).23+34(09) დ-15
100 _aდავითაშვილი, გიორგი
_99253
245 _aდანაშაული და სასჯელი ქართულ ჩვეულებით სამართალში /
_cგიორგი დავითაშვილი; ივანე ჯავახიშვილის სახელობის თბილისის სახელმწიფო უნივერსიტეტის იურიდიული ფაკულტეტის ძველი ქართული სამართლის, რომანტიკისა და სამართლის ისტორიის ინსტიტუტი.
264 _a თბილისი:
_bმერიდიანი,
_c2011.
300 _a584 გვ.
_b21 სმ.
520 _a რეზიუმე ინგლისურ ენაზე.
653 _aსამართალი
653 _aდანაშაული
653 _aსასჯელი
710 _aივანე ჯავახიშვილის სახელობის თბილისის სახელმწიფო უნივერსიტეტის იურიდიული ფაკულტეტის ძველი ქართული სამართლის, რომანტიკისა და სამართლის ისტორიის ინსტიტუტი
_99254
942 _2udc
_cBK